000 00766cab a2200229 4500
001 WB3511-17
008 090401t1999 xxu||||| |||| 00| 0 eng d
035 _a(Sirsi) u92158
041 _aeng
245 _aFunds shortfall may bring closures
260 _c1999
350 _a0
490 _aFinancial Times
_v16 March 1999, 12(1)
520 _aHighlights the problems facing the care home sector due to reduced fees paid for state-funded patients. Reports claim that every home in the country will be closed within a decade if cuts continue at their present rate.
650 _aDECREASE
650 _aNURSING HOMES
650 _aRESIDENTIAL CARE HOMES
650 _aSTATE FUNDING
690 _aECONOMIC AND SOCIAL
942 _n0
948 _c17/03/1999
999 _c58430
_d58430